[Event "Collado Villalba op 39th"]
[Site "Collado Villalba"]
[Date "2022.08.20"]
[Round "1"]
[White "Pastor Alonso de Prado, Emilio Alberto"]
[Black "Guerra Pantojo, Daniel"]
[Result "1-0"]
[WhiteElo "2050"]
[BlackElo "1793"]
[PlyCount "87"]
[EventDate "2022.08.20"]
[EventType "swiss"]
[EventRounds "9"]
[EventCountry "ESP"]
[SourceTitle "EXT 2023"]
[Source "ChessBase"]
[SourceDate "2022.10.05"]
[SourceVersion "1"]
[SourceVersionDate "2022.10.05"]
[SourceQuality "1"]

1. Nf3 d5 2. d4 Bf5 3. c4 c6 4. cxd5 cxd5 5. Nc3 e6 6. Qb3 Qc7 7. Bf4 Qe7 8. e3 a6 9. Bxb8 Rxb8 10. Bxa6 Qb4 11. Bb5+ Kd8 12. Ke2 Qxb3 13. axb3 Bd6 14. Bd3 Bg4 15. e4 dxe4 16. Nxe4 Be7 17. h3 Bxf3+ 18. Kxf3 Nf6 19. Rhc1 Nxe4 20. Bxe4 Bf6 21. Ke3 Kd7 22. Ra7 Rhd8 23. Rc4 Ke8 24. Rxb7 Ra8 25. Bc6+ Kf8 26. Ba4 Ra5 27. Rd7 Rxd7 28. Bxd7 Ra2 29. Rc2 Ke7 30. Bc6 Kd6 31. f4 Ra1 32. Bf3 g5 33. Rc6+ Kd7 34. f5 Rb1 35. fxe6+ fxe6 36. Rc2 e5 37. d5 h6 38. Bg4+ Kd8 39. d6 Ke8 40. Ke4 Re1+ 41. Kd5 Bd8 42. Ke6 Rf1 43. Bh5+ Kf8 44. Rc8 1-0

[Event "Colmenarejo Autumn op 29th"]
[Site "Colmenarejo"]
[Date "2019.10.20"]
[Round "6"]
[White "Guerra Pantojo, Daniel"]
[Black "Lucarelli, Leonardo"]
[Result "1-0"]
[WhiteElo "1659"]
[BlackElo "1480"]
[PlyCount "113"]
[EventDate "2019.09.15"]
[EventType "swiss"]
[EventRounds "7"]
[EventCountry "ESP"]
[SourceTitle "EXT 2021"]
[Source "ChessBase"]
[SourceDate "2020.10.23"]
[SourceVersion "1"]
[SourceVersionDate "2020.10.23"]
[SourceQuality "1"]

1. Nf3 Nf6 2. b3 g6 3. Bb2 Bg7 4. e3 d6 5. Be2 Nc6 6. c4 Bf5 7. 0-0 Qd7 8. d3 e5 9. e4 Bg4 10. a3 h5 11. b4 Bh6 12. b5 Ne7 13. Bc1 c5 14. Bxh6 Rxh6 15. Qd2 Rh8 16. Qg5 Nh7 17. Qh6 0-0-0 18. Qd2 b6 19. a4 Kb7 20. Nc3 Nf6 21. a5 Nc8 22. axb6 Nxb6 23. Ra6 Ra8 24. Rfa1 Qc7 25. Na4 Nfd7 26. Ne1 Nb8 27. Nxb6 Nxa6 28. bxa6+ Kb8 29. Nxa8 Kxa8 30. Bxg4 hxg4 31. Qg5 Qd7 32. Qd2 Rb8 33. Qa2 Rb6 34. Qa4 Qc8 35. Nc2 Qb8 36. Na3 Qc8 37. Nb5 f5 38. exf5 gxf5 39. Qd1 Kb8 40. Qa4 f4 41. Nc3 Rb4 42. Rb1 Rxb1+ 43. Nxb1 Qc7 44. Qe8+ Qc8 45. Qxc8+ Kxc8 46. Nc3 Kc7 47. Nb5+ Kb6 48. Nxd6 Kxa6 49. Kf1 Kb6 50. Ke1 Kc6 51. Nf7 a5 52. Kd1 f3 53. gxf3 gxf3 54. Nxe5+ Kd6 55. Nxf3 Ke6 56. Kc2 Kf5 57. d4 1-0

[Event "Colmenarejo Autumn op 29th"]
[Site "Colmenarejo"]
[Date "2019.10.06"]
[Round "4"]
[White "Guerra Pantojo, Daniel"]
[Black "Almodovar Manzanares, Vicente"]
[Result "1-0"]
[WhiteElo "1659"]
[BlackElo "1468"]
[PlyCount "69"]
[EventDate "2019.09.15"]
[EventType "swiss"]
[EventRounds "7"]
[EventCountry "ESP"]
[SourceTitle "EXT 2021"]
[Source "ChessBase"]
[SourceDate "2020.10.23"]
[SourceVersion "1"]
[SourceVersionDate "2020.10.23"]
[SourceQuality "1"]

1. d4 f5 2. c4 e6 3. Nc3 Nf6 4. g3 d5 5. cxd5 Nxd5 6. Bg2 c6 7. Nf3 Be7 8. 0-0 0-0 9. Nxd5 exd5 10. Bd2 Be6 11. Qb3 Qc7 12. Bf4 Qb6 13. Qe3 c5 14. Bc7 Qc6 15. Rfc1 Nd7 16. Be5 Rf7 17. dxc5 Bxc5 18. Bd4 b6 19. b4 Rc8 20. bxc5 bxc5 21. Be5 Nf6 22. Bxf6 Rxf6 23. Ne5 Qd6 24. f4 d4 25. Qf3 a5 26. Nc4 Qa6 27. Qd3 a4 28. Rab1 Rf7 29. a3 h6 30. Ne5 Qxd3 31. exd3 Ra7 32. Rb6 Bb3 33. Nc6 Rxc6 34. Rxc6 Re7 35. R6xc5 1-0

[Event "Colmenarejo Autumn op 29th"]
[Site "Colmenarejo"]
[Date "2019.09.22"]
[Round "2"]
[White "Guerra Pantojo, Daniel"]
[Black "Criado Herrero, Luis"]
[Result "1-0"]
[WhiteElo "1659"]
[BlackElo "1407"]
[PlyCount "51"]
[EventDate "2019.09.15"]
[EventType "swiss"]
[EventRounds "7"]
[EventCountry "ESP"]
[SourceTitle "EXT 2021"]
[Source "ChessBase"]
[SourceDate "2020.10.23"]
[SourceVersion "1"]
[SourceVersionDate "2020.10.23"]
[SourceQuality "1"]

1. c4 c5 2. Nc3 d6 3. g3 Nf6 4. Bg2 e6 5. b3 Be7 6. Bb2 0-0 7. e3 a6 8. Nge2 Nbd7 9. 0-0 b6 10. Bxa8 Ne5 11. Qc2 Bd7 12. Bg2 b5 13. f4 Nc6 14. cxb5 Nb4 15. Qb1 axb5 16. a3 Na6 17. Ne4 d5 18. Nxf6+ Bxf6 19. Bxf6 Qxf6 20. Qc2 Rc8 21. Qc3 Qg6 22. Rfc1 Qh5 23. Nd4 h6 24. Nf3 Bc6 25. Qa5 d4 26. Qxa6 1-0

[Event "Collado Villalba op-B 36th"]
[Site "Collado Villalba"]
[Date "2019.08.23"]
[Round "1"]
[White "Palomares Cortez, Tabata Sofia"]
[Black "Guerra Pantojo, Daniel"]
[Result "0-1"]
[WhiteElo "1067"]
[BlackElo "1659"]
[PlyCount "82"]
[EventDate "2019.08.23"]
[EventType "swiss"]
[EventRounds "9"]
[EventCountry "ESP"]
[SourceTitle "CBM 192 Extra"]
[Source "Chessbase"]
[SourceDate "2019.11.06"]
[SourceVersion "1"]
[SourceVersionDate "2019.11.06"]
[SourceQuality "1"]

1. e4 c5 2. Nf3 d6 3. d4 cxd4 4. Nxd4 Nf6 5. Nc3 a6 6. Be3 e5 7. Nb3 Be6 8. Be2 Nbd7 9. Qd2 Rc8 10. 0-0-0 Bxb3 11. axb3 Qa5 12. f4 Rxc3 13. Qxc3 Qa1+ 14. Kd2 Nxe4+ 15. Ke1 Qxd1+ 16. Kxd1 Nxc3+ 17. bxc3 exf4 18. Bxf4 Ne5 19. Re1 f6 20. Bf3 h6 21. c4 Kd7 22. Ke2 g5 23. Bg3 Bg7 24. h3 Re8 25. Bh5 Ng6+ 26. Kf3 Rxe1 27. Bxe1 Ne5+ 28. Ke4 Ke6 29. Be2 f5+ 30. Ke3 Nc6 31. c3 a5 32. b4 axb4 33. cxb4 Nd4 34. Bf1 Nc2+ 35. Ke2 Nxe1 36. Kxe1 Bc3+ 37. Ke2 Bxb4 38. Kf3 h5 39. g3 g4+ 40. hxg4 hxg4+ 41. Kf4 Bd2# 0-1

[Event "Colmenarejo Spring op"]
[Site "Colmenarejo"]
[Date "2019.06.23"]
[Round "7.2"]
[White "Guerra Pantojo, Daniel"]
[Black "Martin Andres, Carlos"]
[Result "0-1"]
[WhiteElo "1610"]
[BlackElo "1885"]
[PlyCount "100"]
[EventDate "2019.05.05"]
[EventType "swiss"]
[EventRounds "7"]
[EventCountry "ESP"]
[SourceTitle "EXT 2024"]
[Source "ChessBase"]
[SourceDate "2023.10.10"]
[SourceVersion "1"]
[SourceVersionDate "2023.10.10"]
[SourceQuality "1"]

1. Nf3 Nc6 2. b3 e5 3. e4 Nf6 4. d3 Bc5 5. Be2 d6 6. Bb2 0-0 7. 0-0 Re8 8. Nbd2 d5 9. c3 d4 10. cxd4 Nxd4 11. Nxd4 Bxd4 12. Bxd4 Qxd4 13. Qc2 c6 14. Qc4 Qb6 15. Rac1 Bg4 16. Bxg4 Nxg4 17. h3 Nf6 18. Nf3 Rad8 19. Rfd1 Re7 20. Rd2 Ne8 21. Qc5 Qxc5 22. Rxc5 f6 23. Kf1 Nc7 24. Ke2 Ne6 25. Rc3 Nf4+ 26. Kf1 Red7 27. Ne1 Kf7 28. h4 Rd6 29. g3 Ne6 30. Nf3 b6 31. Ke2 c5 32. a3 a5 33. a4 Ke7 34. h5 g6 35. hxg6 hxg6 36. Nh4 Kf7 37. Ke3 Rh8 38. Rd1 Nd4 39. Nf3 Rh5 40. Nd2 Ke6 41. Nc4 Rc6 42. Nd2 f5 43. Re1 Rh3 44. exf5+ gxf5 45. Nf3 Kd5 46. Ng1 Rh2 47. Ne2 Re6 48. f3 f4+ 49. gxf4 exf4+ 50. Kxf4 Nxe2+ 0-1

[Event "Colmenarejo Autumn op 25th"]
[Site "Colmenarejo"]
[Date "2018.10.28"]
[Round "7"]
[White "Vizcay Gonzalez, Jose Maria"]
[Black "Guerra Pantojo, Daniel"]
[Result "0-1"]
[WhiteElo "1316"]
[BlackElo "1466"]
[PlyCount "66"]
[EventDate "2018.09.16"]
[EventType "swiss"]
[EventRounds "7"]
[EventCountry "ESP"]
[SourceTitle "CBM 187 Extra"]
[Source "ChessBase"]
[SourceDate "2018.11.04"]
[SourceVersion "1"]
[SourceVersionDate "2018.11.04"]
[SourceQuality "1"]

1. e4 c5 2. Nf3 Nc6 3. Bb5 Qc7 4. c3 Nf6 5. Qe2 a6 6. Bc4 e5 7. Ng5 Nd8 8. d3 h6 9. Nf3 Nc6 10. 0-0 Be7 11. Be3 d6 12. h3 Be6 13. Bxe6 fxe6 14. Na3 d5 15. Nh4 0-0 16. Rac1 d4 17. cxd4 exd4 18. Bd2 Bd6 19. f4 e5 20. f5 Qf7 21. Nc4 Qc7 22. Rf3 b5 23. Nxd6 Qxd6 24. Rg3 Kh7 25. Qf2 Rfc8 26. Rg6 Ne7 27. Rxg7+ Kxg7 28. Qg3+ Kh7 29. Ng6 Nh5 30. Qh4 Nxg6 31. Qxh5 Nf4 32. Qf7+ Kh8 33. f6 Rc7 0-1

[Event "Collado Villalba 64 op 6th"]
[Site "Collado Villalba"]
[Date "2018.07.08"]
[Round "1"]
[White "Guerra Pantojo, Daniel"]
[Black "Tevar Becerra, Alvaro"]
[Result "0-1"]
[WhiteElo "1514"]
[BlackElo "1967"]
[PlyCount "60"]
[EventDate "2018.07.08"]
[EventType "swiss"]
[EventRounds "7"]
[EventCountry "ESP"]
[SourceTitle "EXT 2019"]
[Source "ChessBase"]
[SourceDate "2018.10.10"]
[SourceVersion "1"]
[SourceVersionDate "2018.10.10"]
[SourceQuality "1"]

1. e4 e5 2. Nf3 Nc6 3. Bc4 g6 4. c3 Bg7 5. d3 Nge7 6. Bb3 h6 7. 0-0 0-0 8. Re1 d6 9. Nbd2 Kh7 10. a4 f5 11. Bc2 f4 12. h3 g5 13. Nh2 Qe8 14. b4 Qg6 15. f3 h5 16. Bb2 Ng8 17. Qe2 Nh6 18. b5 Ne7 19. Bb1 Be6 20. Ba2 Bd7 21. Nb3 g4 22. hxg4 hxg4 23. fxg4 Nxg4 24. Nxg4 Bxg4 25. Qf2 Bf6 26. Bb1 Qh5 27. Rf1 Bh4 28. Qd2 Bg3 29. Rf2 Qh2+ 30. Kf1 Qh1# 0-1

[Event "Colmenarejo Spring op 24th"]
[Site "Colmenarejo"]
[Date "2018.06.03"]
[Round "4"]
[White "Guerra Pantojo, Daniel"]
[Black "Criado Riesgo, Manuel"]
[Result "0-1"]
[WhiteElo "1514"]
[BlackElo "1666"]
[PlyCount "88"]
[EventDate "2018.05.13"]
[EventType "swiss"]
[EventRounds "7"]
[EventCountry "ESP"]
[SourceTitle "EXT 2019"]
[Source "ChessBase"]
[SourceDate "2018.10.10"]
[SourceVersion "1"]
[SourceVersionDate "2018.10.10"]
[SourceQuality "1"]

1. d4 d5 2. Bf4 Nf6 3. e3 Bf5 4. Nf3 e6 5. Bd3 Bxd3 6. Qxd3 c6 7. Nbd2 Bd6 8. Bg3 Qc7 9. Bxd6 Qxd6 10. 0-0 0-0 11. c3 Nbd7 12. b3 e5 13. dxe5 Nxe5 14. Nxe5 Qxe5 15. Nf3 Qc7 16. Rfd1 Rad8 17. Qc2 Rfe8 18. Rac1 h6 19. c4 dxc4 20. Qxc4 Rd6 21. Rxd6 Qxd6 22. Qd4 Rd8 23. Rd1 Qxd4 24. Rxd4 Rxd4 25. Nxd4 g6 26. Nc2 Nd5 27. Kf1 Kf8 28. e4 Nc3 29. a3 Nxe4 30. Ke2 Ke7 31. f3 Nc3+ 32. Kd3 Nd5 33. g3 Kd6 34. Nd4 Nc7 35. f4 Nb5 36. Nxb5+ cxb5 37. Kd4 f5 38. h3 h5 39. h4 b6 40. a4 bxa4 41. bxa4 a6 42. Kc4 b5+ 43. axb5 axb5+ 44. Kxb5 Kd5 0-1

[Event "Madrid Colmenarejo Autumn op 22nd"]
[Site "Madrid"]
[Date "2017.10.22"]
[Round "6"]
[White "Bahillo Vallejo, Ignacio"]
[Black "Guerra Pantojo, Daniel"]
[Result "1/2-1/2"]
[WhiteElo "1263"]
[BlackElo "1390"]
[PlyCount "43"]
[EventDate "2017.09.17"]
[EventType "swiss"]
[EventRounds "7"]
[EventCountry "ESP"]
[SourceTitle "EXT 2019"]
[Source "ChessBase"]
[SourceDate "2018.10.10"]
[SourceVersion "1"]
[SourceVersionDate "2018.10.10"]
[SourceQuality "1"]

1. d4 Nf6 2. Bg5 d5 3. c4 Ne4 4. Bf4 h6 5. h4 e6 6. a3 Qf6 7. e3 Bd6 8. Ne2 Bxf4 9. Nxf4 c6 10. Nc3 Nxc3 11. bxc3 g6 12. cxd5 exd5 13. c4 Be6 14. cxd5 cxd5 15. Nxe6 fxe6 16. Bb5+ Nc6 17. Qa4 Kd7 18. Rc1 Rhe8 19. g3 a6 20. Bd3 b5 21. Qd1 Na5 22. 0-0 1/2-1/2

[Event "Madrid Colmenarejo Autumn op 22nd"]
[Site "Madrid"]
[Date "2017.10.01"]
[Round "3"]
[White "Guerra Pantojo, Daniel"]
[Black "Juez Gastanaga, Aitor"]
[Result "0-1"]
[WhiteElo "1390"]
[BlackElo "1718"]
[PlyCount "96"]
[EventDate "2017.09.17"]
[EventType "swiss"]
[EventRounds "7"]
[EventCountry "ESP"]
[SourceTitle "EXT 2019"]
[Source "ChessBase"]
[SourceDate "2018.10.10"]
[SourceVersion "1"]
[SourceVersionDate "2018.10.10"]
[SourceQuality "1"]

1. e4 c5 2. Nf3 d6 3. d4 cxd4 4. Nxd4 Nf6 5. Nc3 g6 6. g3 Bg7 7. Bg2 0-0 8. 0-0 Qb6 9. h3 Nxe4 10. Be3 Nxc3 11. bxc3 Qc7 12. Qd2 Nc6 13. Nxc6 bxc6 14. Bh6 Be6 15. Bxg7 Kxg7 16. Rfe1 Rab8 17. Re4 h6 18. h4 Bd5 19. Rb4 Bxg2 20. Kxg2 Rxb4 21. cxb4 c5 22. bxc5 Qxc5 23. Re1 e6 24. Rd1 d5 25. Qd4+ Qxd4 26. Rxd4 Rc8 27. Rd2 Rc3 28. Kf1 Kf6 29. Ke1 Ke5 30. Re2+ Kd4 31. Kd1 Ra3 32. Kc1 Kc3 33. Re3+ Kb4 34. Re2 Rf3 35. Kb2 a5 36. Kb1 Kc3 37. Kc1 d4 38. Kb1 Rf5 39. Kc1 Rb5 40. Rd2 a4 41. Rd3+ Kc4 42. a3 f5 43. Kd2 e5 44. Kc1 e4 45. Rd2 Kc3 46. Kd1 Rb1+ 47. Ke2 Rb2 48. Kd1 d3 0-1

[Event "Madrid Colmenarejo Autumn op 22nd"]
[Site "Madrid"]
[Date "2017.09.24"]
[Round "2"]
[White "Garcia Fernandez, Jose Luis"]
[Black "Guerra Pantojo, Daniel"]
[Result "1/2-1/2"]
[WhiteElo "1759"]
[BlackElo "1390"]
[PlyCount "76"]
[EventDate "2017.09.17"]
[EventType "swiss"]
[EventRounds "7"]
[EventCountry "ESP"]
[SourceTitle "EXT 2019"]
[Source "ChessBase"]
[SourceDate "2018.10.10"]
[SourceVersion "1"]
[SourceVersionDate "2018.10.10"]
[SourceQuality "1"]

1. e4 c5 2. Nc3 Nc6 3. g3 d6 4. Bg2 Nf6 5. Nge2 g6 6. d3 Bg7 7. 0-0 0-0 8. h3 Rb8 9. Be3 a6 10. Qd2 b5 11. Bh6 e6 12. Bxg7 Kxg7 13. f4 Bb7 14. Qe3 b4 15. Nb1 Qe7 16. Nd2 e5 17. f5 h6 18. g4 g5 19. Nc4 Qd8 20. Rae1 Na5 21. Nd2 Nc6 22. Rd1 Nd4 23. Nxd4 cxd4 24. Qe2 Qc7 25. Rc1 Nd7 26. f6+ Nxf6 27. Rf2 Nd7 28. Nc4 f6 29. Rcf1 Nb6 30. b3 Nxc4 31. dxc4 a5 32. Qd3 Qd7 33. Qg3 Bc8 34. Bf3 Ra8 35. Be2 h5 36. Rh2 h4 37. Qf3 a4 38. Bd3 axb3 1/2-1/2

[Event "Collado Villalba op-B 34th"]
[Site "Collado Villalba"]
[Date "2017.08.28"]
[Round "7"]
[White "Guerra Pantojo, Daniel"]
[Black "Perez Suchan, Saul Mario"]
[Result "0-1"]
[WhiteElo "1390"]
[BlackElo "1668"]
[PlyCount "88"]
[EventDate "2017.08.22"]
[EventType "swiss"]
[EventRounds "9"]
[EventCountry "ESP"]
[SourceTitle "CBM 180 Extra"]
[Source "ChessBase"]
[SourceDate "2017.10.06"]
[SourceVersion "1"]
[SourceVersionDate "2017.10.06"]
[SourceQuality "1"]

1. e4 c6 2. d4 d5 3. Nc3 dxe4 4. Nxe4 Bf5 5. Ng3 Bg6 6. Bc4 e6 7. N1e2 Bd6 8. Bf4 Qc7 9. Bxd6 Qxd6 10. c3 Nf6 11. 0-0 Nbd7 12. Re1 0-0 13. Qd2 Ne4 14. Nxe4 Bxe4 15. Ng3 Bd5 16. Bd3 c5 17. dxc5 Nxc5 18. c4 Nxd3 19. Qxd3 Qa6 20. b3 Bc6 21. a4 Qb6 22. Rab1 Rad8 23. Qc3 Rd4 24. a5 Qc5 25. Qe3 Qd6 26. Qe2 Rd8 27. Rb2 h6 28. h3 Qb4 29. Qe5 Qxe1+ 30. Qxe1 Rd1 31. Qxd1 Rxd1+ 32. Kh2 Kf8 33. Ne4 Bxe4 34. Re2 Bc6 35. Kg3 Rb1 36. Re3 Ke7 37. Kh4 Bxg2 38. Rg3 Be4 39. Rxg7 Bg6 40. Rg8 Rxb3 41. Rc8 a6 42. Rc7+ Kf6 43. Rd7 Bf5 44. Rd4 Rxh3# 0-1

[Event "Collado Villalba op-B 34th"]
[Site "Collado Villalba"]
[Date "2017.08.24"]
[Round "3"]
[White "Guerra Pantojo, Daniel"]
[Black "Criado Herrero, Luis"]
[Result "1-0"]
[WhiteElo "1390"]
[BlackElo "1526"]
[PlyCount "109"]
[EventDate "2017.08.22"]
[EventType "swiss"]
[EventRounds "9"]
[EventCountry "ESP"]
[SourceTitle "CBM 180 Extra"]
[Source "ChessBase"]
[SourceDate "2017.10.06"]
[SourceVersion "1"]
[SourceVersionDate "2017.10.06"]
[SourceQuality "1"]

1. e4 c5 2. Nf3 d6 3. d4 cxd4 4. Nxd4 Nf6 5. Nc3 e6 6. Be2 a6 7. 0-0 Nc6 8. Nf3 b5 9. a3 Bb7 10. Re1 Be7 11. Be3 Qc7 12. h3 Rd8 13. Rb1 d5 14. exd5 Nxd5 15. Nxd5 Rxd5 16. Qc1 0-0 17. Rd1 Rfd8 18. c3 e5 19. Qc2 g6 20. Rd2 f5 21. Rxd5 Rxd5 22. c4 Nd4 23. Nxd4 exd4 24. Rc1 dxe3 25. cxd5 exf2+ 26. Kxf2 Bh4+ 27. Kg1 Qe5 28. Bf3 Bxd5 29. Bxd5+ Qxd5 30. Qc5 Qd2 31. Qc3 Qe2 32. Kh1 f4 33. Qc8+ Kg7 34. Qc7+ Kh6 35. Qxf4+ Bg5 36. Qf8+ Kh5 37. Rf1 Qxb2 38. Qf7 Qh8 39. g4+ Kh6 40. Qf8+ Qxf8 41. Rxf8 a5 42. Rb8 b4 43. axb4 Bf4 44. Rb7 axb4 45. Rxb4 Kg5 46. Kg2 Bd6 47. Rd4 Be5 48. Rd5 Kf6 49. Kf3 g5 50. Ke4 Bg3 51. Rd7 Kg6 52. Ra7 Bf2 53. Ra6+ Kg7 54. Kf5 Bh4 55. Rc6 1-0

[Event "Colmenarejo Autumn op"]
[Site "Colmenarejo"]
[Date "2016.10.30"]
[Round "6"]
[White "Guerra Pantojo, Daniel"]
[Black "Vazquez Rodriguez, Maria Elena"]
[Result "0-1"]
[WhiteElo "1275"]
[BlackElo "1578"]
[PlyCount "130"]
[EventDate "2016.09.25"]
[EventType "swiss"]
[EventRounds "7"]
[EventCountry "ESP"]
[SourceTitle "EXT 2019"]
[Source "ChessBase"]
[SourceDate "2018.10.10"]
[SourceVersion "1"]
[SourceVersionDate "2018.10.10"]
[SourceQuality "1"]

1. e4 c5 2. b3 Nc6 3. Nf3 Nf6 4. d3 g6 5. Bb2 Bg7 6. Nc3 0-0 7. Qe2 d6 8. 0-0-0 Qa5 9. Kb1 b5 10. d4 a6 11. dxc5 dxc5 12. h3 Nd7 13. Rd3 Nb4 14. Re3 Bxc3 15. Bxc3 Qxa2+ 16. Kc1 Qa3+ 17. Kb1 Nc6 18. e5 c4 19. Bd2 Nb4 20. Bxb4 Qxb4 21. e6 Nf6 22. exf7+ Rxf7 23. Ng5 Rg7 24. g3 Nd5 25. Bg2 Bb7 26. Bxd5+ Bxd5 27. Rd1 Bb7 28. Rd7 h6 29. Rxb7 hxg5 30. Rbxe7 cxb3 31. Rxg7+ Kxg7 32. cxb3 Qf8 33. Qb2+ Kg8 34. Qe5 Qf5+ 35. Qxf5 gxf5 36. Re5 Rf8 37. Re6 Kg7 38. Rxa6 Re8 39. f4 gxf4 40. gxf4 Re1+ 41. Ka2 Re2+ 42. Ka3 Re4 43. Ra5 b4+ 44. Ka4 Rxf4 45. Rb5 Kg6 46. Rxb4 Rf3 47. Rd4 Rxh3 48. b4 Rh1 49. Kb3 Kg5 50. Kc2 f4 51. Rd1 Rh3 52. b5 f3 53. Rd2 Kf4 54. Kd3 Rh8 55. Kc4 Rc8+ 56. Kd4 Rd8+ 57. Kc3 Rb8 58. Kc4 Ke3 59. Rd3+ Ke2 60. Kd4 Rd8+ 61. Kc5 Rxd3 62. b6 Rb3 63. Kc6 f2 64. b7 f1Q 65. Kc7 Qf7+ 0-1

[Event "Colmenarejo Autumn op"]
[Site "Colmenarejo"]
[Date "2016.10.23"]
[Round "5"]
[White "Pena Negueruela, Francisco"]
[Black "Guerra Pantojo, Daniel"]
[Result "0-1"]
[WhiteElo "1296"]
[BlackElo "1275"]
[PlyCount "112"]
[EventDate "2016.09.25"]
[EventType "swiss"]
[EventRounds "7"]
[EventCountry "ESP"]
[SourceTitle "EXT 2019"]
[Source "ChessBase"]
[SourceDate "2018.10.10"]
[SourceVersion "1"]
[SourceVersionDate "2018.10.10"]
[SourceQuality "1"]

1. d4 d5 2. c4 c6 3. c5 g6 4. Nf3 Bg7 5. b4 b5 6. Bg5 h6 7. Bf4 Nd7 8. h3 Ngf6 9. Ne5 Nxe5 10. Bxe5 0-0 11. e3 Ne4 12. Bxg7 Kxg7 13. Qf3 Qe8 14. Bd3 f5 15. 0-0 e5 16. Bxe4 fxe4 17. Qe2 exd4 18. exd4 Qe7 19. Qe3 a5 20. Nd2 axb4 21. a3 bxa3 22. f3 b4 23. fxe4 Rxf1+ 24. Rxf1 dxe4 25. Nxe4 Bf5 26. Qb3 Qxe4 27. Qxb4 a2 28. Qb7+ Kf6 29. Qxa8 Qxd4+ 30. Kh1 Qxc5 31. Qxa2 Kg5 32. Qd2+ Kf6 33. Qxh6 Qc4 34. Qf8+ Kg5 35. Qe7+ Kh5 36. g4+ Kh6 37. gxf5 Qxf1+ 38. Kh2 Qxf5 39. Qe3+ g5 40. h4 Qc2+ 41. Kg3 Qf5 42. hxg5+ Qxg5+ 43. Kf3 Kg6 44. Qe6+ Qf6+ 45. Qxf6+ Kxf6 46. Ke4 Ke6 47. Kd4 Kd6 48. Kc4 c5 49. Kc3 Kd5 50. Kd3 c4+ 51. Kc3 Kc5 52. Kc2 Kd4 53. Kd2 c3+ 54. Kc2 Kc4 55. Kd1 Kd3 56. Kc1 c2 0-1

[Event "Colmenarejo Autumn op"]
[Site "Colmenarejo"]
[Date "2016.10.02"]
[Round "2"]
[White "Guerra Pantojo, Daniel"]
[Black "Almodovar Manzanares, Vicente"]
[Result "0-1"]
[WhiteElo "1275"]
[BlackElo "1432"]
[PlyCount "60"]
[EventDate "2016.09.25"]
[EventType "swiss"]
[EventRounds "7"]
[EventCountry "ESP"]
[SourceTitle "EXT 2019"]
[Source "ChessBase"]
[SourceDate "2018.10.10"]
[SourceVersion "1"]
[SourceVersionDate "2018.10.10"]
[SourceQuality "1"]

1. e4 c5 2. Bc4 e6 3. Nc3 a6 4. f4 b5 5. Be2 Bb7 6. d3 b4 7. Na4 Nf6 8. Be3 Qc7 9. b3 d5 10. Bf3 d4 11. Bd2 Be7 12. e5 Nd5 13. Nb2 Nd7 14. Nc4 0-0 15. Be4 f6 16. exf6 N7xf6 17. Ne2 Nxe4 18. dxe4 Ne3 19. Bxe3 dxe3 20. g3 Bxe4 21. 0-0 Rad8 22. Qc1 Bf6 23. Qxe3 Bf5 24. Rad1 Bh3 25. Rfe1 Qc6 26. Qf2 Bg4 27. Qe3 Rxd1 28. Rxd1 Bxe2 29. Qxe2 Bd4+ 30. Kf1 Qh1# 0-1

[Event "Madrid-ch U14"]
[Site "Madrid"]
[Date "2016.04.24"]
[Round "7"]
[White "Carrasco Coquillat, Jorge"]
[Black "Guerra Pantojo, Daniel"]
[Result "1-0"]
[WhiteElo "1417"]
[BlackElo "1354"]
[PlyCount "27"]
[EventDate "2016.04.16"]
[EventType "tourn"]
[EventRounds "7"]
[EventCountry "ESP"]
[SourceTitle "CBM 172 Extra"]
[Source "ChessBase"]
[SourceDate "2016.06.21"]
[SourceVersion "1"]
[SourceVersionDate "2016.06.21"]
[SourceQuality "1"]

1. c4 g6 2. Nc3 Bg7 3. g3 e5 4. Bg2 Nf6 5. Nf3 d6 6. 0-0 0-0 7. d3 c5 8. Rb1 Nc6 9. Bg5 h6 10. Bd2 Nb4 11. a3 Nc6 12. b4 b6 13. Ne1 Be6 14. Bxc6 1-0

[Event "Madrid-ch U14"]
[Site "Madrid"]
[Date "2016.04.17"]
[Round "4"]
[White "Quispe Arteaga, Gabriel"]
[Black "Guerra Pantojo, Daniel"]
[Result "1-0"]
[WhiteElo "2068"]
[BlackElo "1354"]
[PlyCount "39"]
[EventDate "2016.04.16"]
[EventType "tourn"]
[EventRounds "7"]
[EventCountry "ESP"]
[SourceTitle "CBM 172 Extra"]
[Source "ChessBase"]
[SourceDate "2016.06.21"]
[SourceVersion "1"]
[SourceVersionDate "2016.06.21"]
[SourceQuality "1"]

1. d4 d5 2. c4 e6 3. Nf3 Nf6 4. e3 c5 5. Nc3 Nc6 6. Bd3 g6 7. 0-0 Bg7 8. b3 0-0 9. Bb2 b6 10. dxc5 bxc5 11. Na4 d4 12. exd4 cxd4 13. Re1 Bb7 14. Bf1 Ng4 15. Nc5 Rb8 16. h3 Nh6 17. Qd2 e5 18. Ba3 Re8 19. Ne4 Bf8 20. Bxf8 1-0